Statistics for 2017/18 Top 5 Premier League LB

Click here to take the quiz!

General Stats

  • This quiz has been taken 19 times
    (11 since last reset)
  • The average score is 4 of 5

Answer Stats

RankPlayer% Correct
1Marcos Alonso
89%
3Danny Rose
78%
4Benjamin Mendy
78%
2Sead Kolasinac
56%
5Leighton Baines
56%

Score Distribution

Percentile by Number Answered

Percent of People with Each Score

Your Score History

You have not taken this quiz since the last reset